Państwa najczęściej odwiedzane przez Niemców - Statystyki

Ogólne statystyki
  • Ten quiz został rozwiązany 1 430 razy
  • Średni wynik to 6 z 8
Statystyki odpowiedzi
# Cel podróży % Poprawnych
8 Polska
99%
7 Francja
95%
1 Hiszpania
91%
2 Włochy
89%
4 Austria
81%
6 Grecja
70%
3 Turcja
58%
5 Chorwacja
57%
Nie znaleziono quizów pasujących do podanych kryteriów
Rozkład punktacji
Procent ludzi z każdym wynikiem
Percentyl według liczby udzielonych odpowiedzi
Twoja historia wyników
Nie rozwiązałeś tego quizu